000 00900nas a2200289 4500
001 BR0303228
003 BR-BrBNA
005 20231205103909.0
007 ta
008 230509b bl.|||p| |||| 00| 00por d
040 _aBR-BrBNA
_bpor
_cBiblioteca Nacional de Agricultura
041 _a(Pt)
072 _aF01; Q04
100 1 _aCarvalho, G.R.
100 1 _aMendes, A.N.G.
100 1 _aCarvalho, L.F.
100 1 _aBartholo, G.F.
245 1 _aEficiência do ethephon na uniformização e antecipação da maturação de frutos de cafeeiro (Coffea arabica L.)e na qualidade da bebida
650 _aCAFÉ
650 _aETEFON
650 _aCOLHEITA
650 _aMATURAÇÃO
650 _aQUALIDADE
773 0 _tCiência e Agrotecnologia (Brazil)
_xISSN 1413-7054
_g(Jan-Feb 2003), v. 27(1) p. 98-106
_wBR0303228
909 _a202311
_bLúcia
_c55
_dLúcia Elande
942 _2AGRIS
_n0
_cANA
999 _c175330
_d175330